Manual para agentes de desarrollo rural, ideas y propuestas para moverse entre la conservación del patrimonio y el desarrollo local

Bibliographic Details
Main Author: Izquierdo Vallina, Jaime
Format: Section = Libro
Language:Undetermined
Spanish
Published: España Mundi Prensa 2005
Edition:2a.ed.
Subjects:
LEADER 00705nam a2200217Ia 4500
008 240829s9999 xx 000 0 und d
020 |a 84-8476-264-5 
040 |a BIBLIOTECA-RUPAP 307.1412 I99 
041 |a spa 
082 |a 307.1412 I99 
100 1 |a Izquierdo Vallina, Jaime 
245 1 0 |a Manual para agentes de desarrollo rural, ideas y propuestas para moverse entre la conservación del patrimonio y el desarrollo local 
250 |a 2a.ed. 
260 |a España  |b Mundi Prensa  |c 2005 
300 |a 452 p. :il. 
650 7 |a DESARROLLO RURAL - AGENTE 
650 7 |b  ORGANIZACIÓN - DESARROLLO - MEDIO RURAL 
650 7 |c  TURISMO - RURAL. I. Tít. 
942 |c BK  |2 ddc 
991 |a TEXTO 
999 |c 7156